000 00313pam a2200145 a 4500
020 _c
041 _aeng
100 _aLippmon.
245 _aInside The C++ Object Model
_hTextual Documents
250 _a1996.
260 _a[s.l]:
_bAddiison Wesley
300 _a280p.
700 _aStanley.B.
930 _a12286
999 _c89189
_d89189